Top 50 biggest cities and towns in Latvia - Statistics

General Stats
  • This quiz has been taken 182 times
  • The average score is 23 of 50
Answer Stats
Rank Population
(2022)
City/Town % Correct
1 632,614 Riga
100%
2 84,108 Daugavpils
93%
3 69,930 Liepāja
89%
6 36,991 Ventspils
86%
5 50,989 Jūrmala
84%
7 34,633 Rēzekne
81%
4 57,616 Jelgava
79%
10 18,927 Ogre
77%
8 24,129 Valmiera
74%
9 21,268 Jēkabpils
73%
13 16,857 Cēsis
66%
11 18,587 Tukums
66%
27 7,247 Madona
60%
14 12,976 Kuldīga
57%
18 9,758 Sigulda
57%
21 8,702 Bauska
56%
12 17,453 Salaspils
56%
15 11,920 Saldus
56%
19 9,472 Talsi
56%
29 6,577 Valka
56%
26 7,284 Gulbene
54%
20 8,862 Krāslava
51%
28 6,920 Aizkraukle
47%
22 8,398 Limbaži
47%
23 7,976 Ludza
47%
25 7,610 Balvi
46%
17 9,874 Alūksne
44%
16 10,560 Dobele
44%
36 5,603 Olaine
40%
31 6,097 Smiltene
39%
24 7,703 Preiļi
36%
45 4,746 Saulkrasti
36%
39 5,159 Pāvilosta
31%
37 5,508 Iecava
30%
46 4,668 Skrunda
30%
34 5,668 Ķekava
29%
30 6,478 Līvāni
29%
32 5,981 Grobiņa
27%
38 5,506 Aizpute
26%
43 4,831 Brocēni
23%
33 5,745 Rūjiena
21%
35 5,625 Valdemārpils
21%
48 4,560 Roja
20%
41 4,920 Jaunjelgava
16%
50 4,425 Ķegums
16%
40 4,931 Strenči
14%
42 4,906 Līgatne
10%
49 4,532 Rundāle
7%
47 4,653 Vecumnieki
6%
44 4,820 Smārde
1%
No matching quizzes found
Score Distribution
Percent of People with Each Score
Percentile by Number Answered
Your Score History
You have not taken this quiz